| 000 | 00000nam 2200000za 4500 |
| 001 | 9.822307 |
| 003 | CaOODSP |
| 005 | 20221107143646 |
| 007 | cr ||||||||||| |
| 008 | 160809s1980 xxc |o f|0| 0 fre d |
| 040 | |aCaOODSP|bfre |
| 043 | |an-cn--- |
| 086 | 1 |aF2-49/1980F-PDF |
| 100 | 1 |aCiuriak, Dan. |
| 245 | 10|aCroissance du taux d'activité et de la population active au Canada |h[ressource électronique] / |c[par] Dan Ciuriak et Harvey Sims. |
| 260 | |a[Ottawa] : |bMinistère des Finances, |c1980. |
| 300 | |a81 p.|btableaux, graphiques. |
| 500 | |aAvril 1980. |
| 500 | |a"Un d'une série de documents portant sur les questions économiques à moyen et à long terme." |
| 504 | |aComprend des références bibliographiques. |
| 692 | 07|2gccst|aMain-d'oeuvre |
| 700 | 1 |aSims, Harvey. |
| 710 | 1 |aCanada. |bMinistère des finances. |
| 775 | 08|tParticipation rate and labour force growth in Canada |w(CaOODSP)9.827063 |
| 856 | 40|qPDF|s1.98 Mo|uhttps://publications.gc.ca/collections/collection_2016/fin/F2-49-1980-fra.pdf |